000 01094 a2200229 4500
003 Nust
005 20221129112624.0
010 _a 2003048208
020 _a8129702967
040 _cNust
082 0 0 _a621.3815,RAS
100 1 _aRashid, M. H.
_99011
245 1 0 _aIntroduction to PSpice using OrCAD for circuits and electronics / (Include CD)
_cMuhammad H. Rashid.
250 _a3rd ed.
260 _aUpper Saddle River, NJ :
_bPearson/Prentice Hall,
_cc2004.
300 _axviii, 456 p. :
_bill. ;
_c24 cm. +
_e1 CD-ROM (4 3/4 in.)
505 _aIntroduction (Page-1), Circuit Descriptions (Page-14), DC Circuit Analysis (Page-39), Transient Analysis (Page-84), AC Circuit Analysis (Page-131), Advanced SPICE Commands and Analysis (Page-159), Semiconductor Diodes (Page-203), Bipolar Junction Transistors (Page-237), Field Effect Transistors (Page-289), Op-Amp Circuits (Page-340), Difficulties (Page-373), Drawing in PSpice Schematics (Page-393).
650 0 _aTelecommunication engineering
651 _a(Include CD)
_98953
700 1 _aRashid, M. H.
_99011
942 _2ddc
_cBK
999 _c182131
_d182131